000
00363nam a2200169Ia 4500
005
20251020182614.0
008
200515s9999 xx 000 0 und d
082
_a
SC/691.11/I85
110
_a
Trébol
245
0
_a
Aparatos Sanitarios
260
_a
Lima
260
_c
s.a.
650
_a
GRIFERIA
650
_a
SANITARIOS
650
_a
TANQUES
942
_c
LIB
999
_c
3441
_d
3441